| 000 | 01984cam a22004814i 4500 | ||
|---|---|---|---|
| 003 | PE-LiUPU | ||
| 005 | 20250731183338.0 | ||
| 008 | 141019s2005 sp r 000 0 spa | ||
| 020 | _a849704181X | ||
| 020 | _a9788497041812 | ||
| 035 | _a(Sirsi) i9788497041812 | ||
| 040 |
_aPE-LiUPU _bspa _cPE-LiUPU _erda |
||
| 049 | _aPRUA | ||
| 080 | 0 | _a061.43 | |
| 080 | 0 | _a659.158 | |
| 080 | 0 | _a725.2.012 | |
| 082 | 0 | 4 |
_a747.8 _bR53 |
| 100 | 1 |
_aRico, Juan Carlos, _eautor. |
|
| 245 | 1 | 3 |
_aLa exposición comercial : _btiendas y escaparatismo, stands y ferias, grandes almacenes y superficies/ _cJuan Carlos Rico. |
| 264 | 1 |
_aGijón (Asturias) : _bTrea, _c[2005]. |
|
| 300 |
_a606 páginas : _bilustraciones ; _c22 centímetros. |
||
| 336 |
_atext _2rdacontent |
||
| 337 |
_aunmediated _2rdamedia |
||
| 338 |
_avolume _2rdacarrier |
||
| 490 | 0 |
_aBiblioteconomía y administración cultural ; _v124 |
|
| 504 | _aBibliografía : páginas [601]-606. | ||
| 505 | 0 | _aExponer para ver, exponer para demostrar, exponer para vender - El escaparate: la exposición comercial más sofisticas - Un ámbito eminentemente comercial - Zonas y funciones - Del centro cultural al comercial -- Los otros soportes y accesorios. | |
| 526 | _aP158 | ||
| 526 | _aP146 | ||
| 526 | _aP17 | ||
| 526 | _aP12 | ||
| 526 | _aP06 | ||
| 650 | 7 |
_aComercios _xDecoración. _2embne |
|
| 650 | 7 |
_aEscaparatismo. _2embne |
|
| 650 | 7 |
_aExposiciones. _2embne |
|
| 910 | _cng | ||
| 942 |
_2ddc _cBOOK |
||
| 949 |
_a747.8 R53 _wDEWEY _c1 _i70625 _d2016-4-11 _e2016-4-11 _lCCODEBUL1 _mBUL _n1 _p81.00 _r0 _sY _tBOOK _u2015-7-6 _xINGENIERIA _PP06 _0COMPRA _o.STAFF. Colección General |
||
| 994 |
_aC0 _bPEPRU |
||
| 596 | _a1 | ||
| 999 |
_a747.8 R53 _wDEWEY _c6451 _i70625 _d6451 _e2018-5-11 _f2021-11-10 _g7 _lCCODEBUL1 _mBUL _n5 _p81.00 _q1 _r0 _sY _tBOOK _u2015-7-6 _xINGENIERIA _PP06 _0COMPRA _o.STAFF. Colección General |
||
| 980 |
_81 _gALBERTO SANCHEZ Responsable de Automatización |
||